000 00577nab a2200169Ia 4500
003 ES-SlBCS
005 20210601131323.0
008 140529s1981 xxu||||| |||| 00| 0 fre d
041 _afre
100 1 _aEberlé, Jean
_9183813
245 0 0 _aÉvolution des conditions de réussite ou d'échec au concours d'entrée en médecine
_c Jean Eberlé, Dominique Davous, Michel Che
650 0 4 _aMedicina
_914377
700 1 _aChe, Michel
_9183814
700 1 _aDavous, Dominique
_9183815
773 0 _tRevue Française de Pedagogie
_gnº. 54, 1981, págs. 39-53
_wRev888
942 _cAR
999 _c561218
_d561218